Life-span development / (Record no. 7976)
[ view plain ]
| 000 -LEADER | |
|---|---|
| fixed length control field | 00426cam a2200145 a 4500 |
| 020 ## - INTERNATIONAL STANDARD BOOK NUMBER | |
| ISBN | 0072967390 (pbk. : alk. paper) |
| 050 00 - CALL NUMBER | |
| Classification number | BF713 |
| Item number | .Sa5 |
| 100 1# - AUTHOR | |
| Personal name | Santrock, John W. |
| 245 10 - TITLE | |
| Title | Life-span development / |
| Statement of responsibility, etc | John W. Santrock. |
| 250 ## - EDITION | |
| Edition statement | 10th ed. |
| 260 ## - PUBLICATION INFORMATION | |
| Place of publication | Boston, Mass. : |
| Name of publisher | McGraw-Hill, |
| Year of publication | c2006. |
| 300 ## - DESCRIPTION | |
| Number of Pages | xl,655, [128] p. : |
| Other physical details | ill. (chiefly col.) ; |
| Dimensions | 28 cm. |
| 650 #0 - SUBJECTS | |
| Topical Term | Developmental psychology |
| 942 ## - ADDED ENTRY ELEMENTS (KOHA) | |
| Koha item type | Books |
| Withdrawn status | Lost status | Home library | Current library | Date acquired | Full call number | Accession Number | Koha item type |
|---|---|---|---|---|---|---|---|
| Methodist University Library Wenchi Nursing | Methodist University Library Wenchi Nursing | 21/10/2021 | BF713 .Sa5 | 2936 | Books |